Zoo loco /

Los personajes de Zoo Loco pasan por situaciones insólitas y hacen cosas absurdas. ¡Son unos verdaderos disparates! En estos poemas vas a averiguar por qué la lombriz se siente infeliz, qué dijo una pava en Ensenada, cuál es el secreto de la vieja tortuga sin arrugas y otras ocurrencias del mundo an...

Descripción completa

Guardado en:
Autor Principal: Walsh, María Elena
Otros Autores: Jacobini, Silvia, il.
Formato: Libro
Publicado: Buenos Aires : Alfaguara, 2013
Edición:17a. reimp.
Series:Alfaguara Infantil-juvenil
Materias:
Etiquetas: Agregar Etiqueta
Sin Etiquetas, Sea el primero en etiquetar este registro!
LEADER 02939nam a22003135a 4500
001 CEM.cems015343
008 130507s2013##################000#0#####d
005 20241119130841.0
245 1 0 |a Zoo loco /  |c María Elena Walsh ; ilustrado Por Silvia Jacobini 
250 |a 17a. reimp. 
260 |a Buenos Aires :  |b Alfaguara,  |c 2013 
300 |a 80 p. 
490 0 |a Alfaguara Infantil-juvenil 
500 |a Perica es el pseudónimo de Silvia Jacobini. 
505 0 |a Una vaca que come una cuchara -- Si una tortuga llega de Neuquén -- Un hipopótamo tan chiquitito -- Un gato concertista toca Liszt -- Un canario que ladra si está triste -- Si cualquier día vemos una foca -- Hace tiempo que tengo una gran duda -- Un gato de la luna dijo miau -- Una pava con fama de letrada -- Cada vez que pasea muy campante -- Si un toro, en vez de ser todo de cuero -- Llueve mucho (decía chimpancé) -- Si las víboras fueran elegantes -- Un gallo a una gallina preguntó -- Paloma, palomita de la puna -- Saben qué le sucede a esa lombriz -- Tijerita del cielo, golondrina -- Una señora de Samborombón -- Cuando la rana no se queda quieta -- Parece que en Japón había un mono -- Qué vanidad, señor, la del cangrejo -- Saben por qué la garza colorada -- Siempre de frac y con zapatos finos -- Señores, en Santiago del Estero -- En el fondo del mar, una tonina -- Una hormiga podrá tener barriga -- Si en el mar causa pésima impresión -- Un lobo, en la ciudad de Lobería -- Un pajarito que se llama Blas -- En medio del mar nada un atún -- Un sapo médico, en Calamuchita -- En el fondo del mar siempre es recreo -- En Tucumán vivía una tortuga -- Es tristísimo ver a un caracol -- Si alguna vez conocen una trucha -- La llama, pobre, es un animalito -- Un día, por la calle Carabobo -- Un pulpo se escapó del mar un día -- Una vez, por las calles de Caracas -- Había un guacamayo en Guatemala -- En medio de una plaza patagónica -- Un nogüipín, un greti, un lodricoco -- Mis versos y mis dibujos -- Datos biográficos de María Elena Walsh 
520 |a Los personajes de Zoo Loco pasan por situaciones insólitas y hacen cosas absurdas. ¡Son unos verdaderos disparates! En estos poemas vas a averiguar por qué la lombriz se siente infeliz, qué dijo una pava en Ensenada, cuál es el secreto de la vieja tortuga sin arrugas y otras ocurrencias del mundo animal que demuestran que el zoo está realmente loco. 
020 |a 9789505116171 
100 1 |a Walsh, María Elena 
700 1 |a Jacobini, Silvia, il. 
082 0 4 |a A868.4 
653 |a Literatura 
653 |a Literatura argentina 
653 |a Literatura infantil 
653 |a Cuentos infantiles 
653 |a Poesía 
653 |a Poesía infantil 
653 |a Colección ciencias de la educación 
859 |a CEMS  |b BIB. CEMS - Inicial y Primaria  |h A861.4  |i W168-2  |k IP  |p 2929  |t Ej.1 
859 |a CEMS  |b BIB. CEMS - Ccias. Educacion  |h A868.4  |i W168  |k CE  |p 28624.19  |t Ej.1